Paleobotany : (Record no. 69030)
[ view plain ]
| 000 -LEADER | |
|---|---|
| fixed length control field | 00893nam a2200253 a 4500 |
| 001 - CONTROL NUMBER | |
| control field | 69030 |
| 003 - CONTROL NUMBER IDENTIFIER | |
| rucl marc code | BD-RjUL |
| 005 - DATE AND TIME OF LATEST TRANSACTION | |
| control field | 20211209081836.0 |
| 008 - FIXED-LENGTH DATA ELEMENTS--GENERAL INFORMATION | |
| fixed length control field | 170509s1995 ii a b 001 0 eng |
| 020 ## - INTERNATIONAL STANDARD BOOK NUMBER | |
| International Standard Book Number | 8120409426 |
| 035 ## - SYSTEM CONTROL NUMBER | |
| System control number | (BD-RjUL)69241 |
| 040 ## - CATALOGING SOURCE | |
| Original cataloging agency | DLC |
| Transcribing agency | BD-RjUL |
| Language of cataloging | eng |
| Modifying agency | BD-RjUL |
| 041 ## - LANGUAGE CODE | |
| Language code of text/sound track or separate title | eng |
| 082 ## - DEWEY DECIMAL CLASSIFICATION NUMBER | |
| Edition number | 23 |
| Classification number | 561 |
| Author mark and year | AGP 1995 |
| 100 1# - MAIN ENTRY--PERSONAL NAME | |
| Personal name | Agashe, Shripad N. |
| 9 (RLIN) | 204524 |
| 245 10 - TITLE STATEMENT | |
| Title | Paleobotany : |
| Remainder of title | plants of the past, their evolution, paleoenvironment, and application in exploration of fossil fuels / |
| Statement of responsibility, etc. | Shripad N. Agashe. |
| 260 ## - PUBLICATION, DISTRIBUTION, ETC. (IMPRINT) | |
| Place of publication, distribution, etc. | New Delhi : |
| Name of publisher, distributor, etc. | Oxford & IBH Pub. Co., |
| Date of publication, distribution, etc. | c1995. |
| 300 ## - PHYSICAL DESCRIPTION | |
| Pagination | vi, 359 p. : |
| Illustrations | ill. ; |
| Size | 25 cm. |
| 504 ## - BIBLIOGRAPHY, ETC. NOTE | |
| Bibliography, etc | Includes bibliographical references (p. [316]-342) and index. |
| 520 ## - SUMMARY, ETC. | |
| Summary, etc. | Text book in paleobotany with special reference to India. |
| 650 #0 - SUBJECT ADDED ENTRY--TOPICAL TERM | |
| Topical term or geographic name as entry element | Paleobotany. |
| 9 (RLIN) | 164756 |
| Topical term or geographic name as entry element | Plants, Fossil |
| Geographic subdivision | India. |
| 9 (RLIN) | 204525 |
| 942 ## - ADDED ENTRY ELEMENTS (KOHA) | |
| Source of classification or shelving scheme | Dewey Decimal Classification |
| Koha item type | Books |
| Lost status | Source of classification or shelving scheme | Damaged status | Not for loan | Collection code | Permanent Location | Current Location | Shelving location | Date acquired | Source of acquisition | Cost, normal purchase price | Total Checkouts | Full call number | Date last seen | Copy number | Koha item type |
|---|---|---|---|---|---|---|---|---|---|---|---|---|---|---|---|
| Dewey Decimal Classification | Not For Loan | Non-fiction | Central Library, University of Rajshahi | Central Library, University of Rajshahi | Reading Room | 20/07/1997 | Century book Rajshahi | 240.00 | 561 AGP 1995 | 09/04/2017 | C-1 | Books |